La responsabilidad social empresaria (Registro nro. 6259)

Detalles MARC
000 -LEADER
fixed length control field 01256 a2200229 4500
001 - CONTROL NUMBER
control field 57747
005 - DATE AND TIME OF LATEST TRANSACTION
control field 20260407155837.0
008 - FIXED-LENGTH DATA ELEMENTS--GENERAL INFORMATION
fixed length control field 260407a2022 arg spa d
003 - CONTROL NUMBER IDENTIFIER
control field AR-UNSa-BCEJYS
040 ## - CATALOGING SOURCE
Original cataloging agency AR-UNSa-BCEJYS
Language of cataloging spa
Transcribing agency AR-UNSa-BCEJYS
080 ## - UNIVERSAL DECIMAL CLASSIFICATION NUMBER
Universal Decimal Classification number 174:65
Common auxiliary subdivision Etica en gestión y organización de la industria (Responsabilidad Social Empresaria)
020 ## - INTERNATIONAL STANDARD BOOK NUMBER
International Standard Book Number 978-987-698-412-6
041 ## - LANGUAGE CODE
Language code of text/sound track or separate title spa
100 1# - MAIN ENTRY--PERSONAL NAME
Personal name Moreno, César Gabriel
245 10 - TITLE STATEMENT
Title La responsabilidad social empresaria
Name of part/section of a work de la innovación competitiva a los objetivos del desarrollo sostenible en la creación del valor
264 #1 - PRODUCTION, PUBLICATION, DISTRIBUTION, MANUFACTURE, AND COPYRIGHT NOTICE
Place of production, publication, distribution, manufacture Salta :
Name of producer, publisher, distributor, manufacturer Mundo Gráfico Salta
Date of production, publication, distribution, manufacture, or copyright notice 2022
300 ## - PHYSICAL DESCRIPTION
Extent 178 p.
Dimensions 22 cm.
505 ## - FORMATTED CONTENTS NOTE
Formatted contents note 1. De la crisis del desarrollo a la construcción de la RSE – 2. Una mirada a la responsabilidad social empresaria – 3. La RSE como inductora de valor – 4. RSE, cadena de valor y competitividad – 5. La RSE entre la sustentabilidad y los objetivos del desarrollo sostenible – 6. El proceso de gestión e implementación de la RSE – 7. Análisis empírico – 8. A modo de conclusión
590 ## - LOCAL NOTE (RLIN)
Local note niveau_biblio:m niveau_hierar:0
856 41 - ELECTRONIC LOCATION AND ACCESS
Uniform Resource Identifier <a href="https://biblioeco.unsa.edu.ar/pmb/images/libros/L128841.jpg">https://biblioeco.unsa.edu.ar/pmb/images/libros/L128841.jpg</a>
Link text Imagen de portada
Electronic format type image/jpeg
942 ## - ADDED ENTRY ELEMENTS (KOHA)
Koha item type
Existencias
Withdrawn status Lost status Damaged status Not for loan Home library Current library Shelving location Date acquired Total checkouts Full call number Barcode Date last seen Price effective from Koha item type
        Biblioteca Prof. Eusebio Cleto del Rey Biblioteca Prof. Eusebio Cleto del Rey   07/04/2026   174:65 M843 L128841 07/04/2026 07/04/2026 Libro